| 000 | 00715nam a22002057a 4500 | ||
|---|---|---|---|
| 999 |
_c18364 _d18364 |
||
| 003 | AR-CdUCM | ||
| 008 | 190513b ||||| |||| 00| 0 spa d | ||
| 040 |
_aMUNICIPALIDAD PROVINCIAL DEL CUSCO _cBIBLIOTECA MUNICIPAL DEL CUSCO |
||
| 082 |
_a620.137 / _bA77 |
||
| 100 |
_aArquero Esteban, Francisco _938899 |
||
| 245 |
_aCalculo practico del hormigón armado II : _bXVI losas y vigas continuas / |
||
| 260 |
_aBarcelona : _bCEAC, _c1959. |
||
| 300 |
_a4554 paginas ; _c21 cm. |
||
| 505 | _aContenido :Losas y vigas continuas --Pórticos ortogonales --Pórticos ... | ||
| 650 |
_aPórticos _938900 |
||
| 650 |
_aPisos _938901 |
||
| 650 |
_aEstructuras _919977 |
||
| 942 |
_2ddc _cLIBROS |
||
| 945 |
_arjall _d2019-05-13 |
||